[Event "Monaco WGP 2019"]
[Site "Monaco MNC"]
[Date "2019.12.03"]
[Round "1.4"]
[White "Goryachkina, Aleksandra"]
[Black "Lagno, Kateryna"]
[Result "1/2-1/2"]
[WhiteTitle "GM"]
[BlackTitle "GM"]
[WhiteElo "2575"]
[BlackElo "2549"]
[WhiteFideId "4147103"]
[BlackFideId "14109336"]
[EventDate "2019.12.03"]

1. e4 c5 2. Nf3 d6 3. Bb5+ Nd7 4. Ba4 Nf6 5. O-O e6 6. Re1 a6 7. c3 b5 8. Bc2
Bb7 9. d4 Be7 10. Nbd2 Qc7 11. Nf1 O-O 12. Ng3 Rfd8 13. Bf4 Nf8 14. Rc1 Ng6 15.
Bg5 Rac8 16. h4 h6 17. h5 Nf8 18. Bf4 cxd4 19. cxd4 Qa5 20. a3 Qb6 21. Nh2 Rc4
22. Be3 Rdc8 23. Bb3 Rxc1 24. Bxc1 a5 25. d5 a4 26. Ba2 Qc5 27. Be3 Qc2 28. Qa1
Bd8 29. Rc1 Qd3 30. Rd1 Qc2 31. Rc1 Qd3 32. Rd1 Qc2 1/2-1/2

[Event "Monaco WGP 2019"]
[Site "Monaco MNC"]
[Date "2019.12.03"]
[Round "1.5"]
[White "Gunina, Valentina"]
[Black "Koneru, Humpy"]
[Result "0-1"]
[WhiteTitle "GM"]
[BlackTitle "GM"]
[WhiteElo "2509"]
[BlackElo "2577"]
[WhiteFideId "4167570"]
[BlackFideId "5008123"]
[EventDate "2019.12.03"]

1. e4 e5 2. Nf3 Nc6 3. Bb5 a6 4. Ba4 Nf6 5. O-O Nxe4 6. d4 b5 7. Bb3 d5 8. Nxe5
Nxe5 9. dxe5 c6 10. Be3 Be7 11. c3 O-O 12. f3 Nc5 13. Bc2 f5 14. exf6 Rxf6 15.
b4 Nb7 16. Nd2 Bf5 17. f4 Bxc2 18. Qxc2 c5 19. Nf3 Re6 20. Rae1 Rc8 21. Qf5 Rf6
22. Qd3 Re6 23. Bf2 Rxe1 24. Rxe1 Qd6 25. a3 Rd8 26. h4 Bf6 27. Ng5 Bxg5 28.
hxg5 cxb4 29. axb4 Qxf4 30. Re7 Nd6 31. Qxd5+ Nf7 32. Qe6 Rd1+ 33. Be1 g6 34.
Re8+ Kg7 35. Qe7 Qd6 36. Qe3 Qd5 37. Re7 Kf8 38. Re8+ Kg7 39. Re7 Kf8 40. Ra7
Qd8 41. Rxa6 Qxg5 42. Qe2 Qd5 43. Re6 Qd3 44. Qxd3 Rxd3 45. Bf2 Nh6 46. Bc5+ Kf7
47. Re7+ Kg8 48. Re8+ Kf7 49. Rh8 Ng4 50. Kf1 Rxc3 51. Rxh7+ Ke6 52. Rb7 Kd5 53.
Be7 Ke4 54. Bg5 Ne3+ 55. Kg1 Rc1+ 56. Kh2 Nf1+ 57. Kh3 Rc3+ 58. Kh4 Ng3 59. Re7+
Kd5 60. Rd7+ Kc6 61. Rd8 Nf5+ 62. Kg4 Rg3+ 63. Kf4 Rxg2 64. Rc8+ Kd6 65. Rg8 Kd5
66. Rd8+ Kc4 67. Bf6 Kxb4 68. Kf3 Rc2 69. Rg8 Rc6 70. Rf8 Kc4 71. Kf4 b4 72. Bb2
Nd4 73. Rb8 Ne2+ 74. Kg5 Nc3 75. Bc1 Ne4+ 76. Kf4 Nc5 77. Kg5 Nd3 78. Bd2 b3 79.
Kg4 b2 80. Kf3 Rc5 81. Ke2 Rb5 0-1

[Event "Monaco WGP 2019"]
[Site "Monaco MNC"]
[Date "2019.12.03"]
[Round "1.6"]
[White "Muzychuk, Mariya"]
[Black "Muzychuk, Anna"]
[Result "1/2-1/2"]
[WhiteTitle "GM"]
[BlackTitle "GM"]
[WhiteElo "2552"]
[BlackElo "2543"]
[WhiteFideId "14114550"]
[BlackFideId "14111330"]
[EventDate "2019.12.03"]

1. d4 d5 2. c4 c6 3. Nf3 Nf6 4. Nc3 e6 5. Bg5 h6 6. Bh4 dxc4 7. e4 g5 8. Bg3 b5
9. Be2 Bb7 10. h4 g4 11. Ne5 Nbd7 12. Nxg4 b4 13. Nxf6+ Nxf6 14. Na4 Nxe4 15.
Be5 Rg8 16. Bxc4 Bd6 17. Qh5 c5 18. d5 Bxd5 19. Bxd5 exd5 20. O-O-O Nf6 21. Bxf6
Qxf6 22. Rxd5 Rxg2 23. Rxd6 Qxd6 24. Qf3 Rd8 25. Qxg2 Qd2+ 26. Kb1 Qd3+ 27. Kc1
Qd2+ 28. Kb1 Qd3+ 29. Kc1 Qd2+ 30. Kb1 Qd3+ 1/2-1/2

[Event "Monaco WGP 2019"]
[Site "Monaco MNC"]
[Date "2019.12.04"]
[Round "2.1"]
[White "Dzagnidze, Nana"]
[Black "Muzychuk, Anna"]
[Result "1/2-1/2"]
[WhiteTitle "GM"]
[BlackTitle "GM"]
[WhiteElo "2502"]
[BlackElo "2543"]
[WhiteFideId "13601903"]
[BlackFideId "14111330"]
[EventDate "2019.12.03"]

1. Nf3 Nf6 2. c4 c5 3. Nc3 Nc6 4. d4 cxd4 5. Nxd4 e6 6. Bf4 d5 7. e3 Bb4 8. Qa4
O-O 9. Nxc6 Bxc3+ 10. bxc3 bxc6 11. Bd3 Nd7 12. Qxc6 Ba6 13. Bd6 Qc8 14. Qa4 Rd8
15. Qc2 h6 16. cxd5 Bxd3 17. Qxd3 Nb6 18. Bg3 Rxd5 19. Qc2 Qc4 20. Qb3 Qa6 21.
Rd1 Rc8 22. Rxd5 Nxd5 23. Be5 Qd3 24. c4 Qe4 25. O-O Qxe5 26. cxd5 Qxd5 27. Qxd5
exd5 28. Rd1 Rc2 29. h4 Rxa2 30. Rxd5 g6 1/2-1/2

[Event "Monaco WGP 2019"]
[Site "Monaco MNC"]
[Date "2019.12.05"]
[Round "3.2"]
[White "Cramling, Pia"]
[Black "Harika, Dronavalli"]
[Result "1/2-1/2"]
[WhiteTitle "GM"]
[BlackTitle "GM"]
[WhiteElo "2443"]
[BlackElo "2518"]
[WhiteFideId "1700030"]
[BlackFideId "5015197"]
[EventDate "2019.12.03"]

1. c4 e6 2. Nc3 d5 3. d4 c6 4. e4 dxe4 5. Nxe4 Bb4+ 6. Nc3 e5 7. Be3 exd4 8.
Qxd4 Qxd4 9. Bxd4 Nf6 10. a3 Be7 11. Nf3 Nbd7 12. Bd3 Nc5 13. Bc2 Bg4 14. Ne5
Rd8 15. Be3 Be6 16. O-O O-O 17. Rfd1 a6 18. h3 Ncd7 19. Nxd7 Nxd7 20. b3 b5 21.
cxb5 cxb5 22. Nd5 Bxd5 23. Rxd5 Nf6 24. Rxd8 Rxd8 25. a4 Nd5 26. Rd1 Nxe3 27.
Rxd8+ Bxd8 28. fxe3 bxa4 29. bxa4 a5 30. Kf2 h6 31. Kf3 Kf8 1/2-1/2

[Event "Monaco WGP 2019"]
[Site "Monaco MNC"]
[Date "2019.12.05"]
[Round "3.5"]
[White "Muzychuk, Mariya"]
[Black "Lagno, Kateryna"]
[Result "1-0"]
[WhiteTitle "GM"]
[BlackTitle "GM"]
[WhiteElo "2552"]
[BlackElo "2549"]
[WhiteFideId "14114550"]
[BlackFideId "14109336"]
[EventDate "2019.12.03"]

1. d4 Nf6 2. c4 g6 3. Nc3 Bg7 4. e4 d6 5. Nf3 O-O 6. Be2 e5 7. O-O Nc6 8. d5 Ne7
9. Nd2 a5 10. Rb1 Nd7 11. a3 f5 12. f3 Kh8 13. b4 f4 14. Nb3 a4 15. Nd2 g5 16.
Nxa4 Nf6 17. c5 Ng6 18. b5 b6 19. cxb6 cxb6 20. Nc4 Rb8 21. Bd2 g4 22. Naxb6
Rxb6 23. Ba5 g3 24. Nxb6 Nxe4 25. Nxc8 gxh2+ 26. Kxh2 Qh4+ 27. Kg1 Ng3 28. Nxd6
Qh1+ 29. Kf2 Qh4 30. Bb6 e4 31. fxe4 f3 32. Bxf3 Nxe4+ 33. Ke3 Qf4+ 34. Kd3 Nxd6
35. Rb4 Nc4 36. Be2 Nge5+ 37. Kc2 Qe4+ 38. Kb3 Rc8 39. d6 Qb7 40. Bxc4 Qxb6 41.
Qd2 Nxc4 42. Rxc4 Qxb5+ 43. Qb4 Qd5 44. Rc1 Re8 45. Rc2 Qd1 46. Qd2 Qb1+ 47. Rb2
Qf1 48. Qc2 Qf7 49. Ka2 Qd5 50. Rb6 h6 51. Rc6 Rb8 52. d7 Rf8 53. Rc7 Qe6 54. g4
Qd5 55. Rc8 Qxd7 56. Rxf8+ Bxf8 57. Rc7 Qd5+ 58. Qb3 Qd6 59. Qc3+ Kg8 60. Rc8
Qh2+ 61. Qb2 Qd6 62. Qb3+ Kg7 63. Qc3+ Kg8 64. Qb4 Qh2+ 65. Kb3 Qg3+ 66. Ka4 1-0

[Event "Monaco WGP 2019"]
[Site "Monaco MNC"]
[Date "2019.12.05"]
[Round "3.6"]
[White "Muzychuk, Anna"]
[Black "Koneru, Humpy"]
[Result "1/2-1/2"]
[WhiteTitle "GM"]
[BlackTitle "GM"]
[WhiteElo "2543"]
[BlackElo "2577"]
[WhiteFideId "14111330"]
[BlackFideId "5008123"]
[EventDate "2019.12.03"]

1. e4 e5 2. Nf3 Nf6 3. Nxe5 d6 4. Nf3 Nxe4 5. Nc3 Nxc3 6. dxc3 Be7 7. Be3 Nc6 8.
Qd2 Be6 9. O-O-O Qd7 10. Kb1 h6 11. h3 O-O-O 12. Be2 Ne5 13. Nxe5 dxe5 14. Qxd7+
Rxd7 15. Bxa7 b6 16. Ba6+ Kd8 17. Bb7 Bd6 18. Rd2 Ke7 19. Rhd1 Bc5 20. Rxd7+
Bxd7 21. f3 Bd6 22. b4 Bc8 23. Bc6 Bd7 24. Bb7 Bc8 25. Bc6 Bd7 26. Bb7 Bc8 1/2-1/2

[Event "Monaco WGP 2019"]
[Site "Monaco MNC"]
[Date "2019.12.07"]
[Round "5.3"]
[White "Gunina, Valentina"]
[Black "Harika, Dronavalli"]
[Result "0-1"]
[WhiteTitle "GM"]
[BlackTitle "GM"]
[WhiteElo "2509"]
[BlackElo "2518"]
[WhiteFideId "4167570"]
[BlackFideId "5015197"]
[EventDate "2019.12.03"]

1. d4 d5 2. c4 e6 3. Nf3 Nf6 4. Nc3 c6 5. e3 Nbd7 6. Qc2 Bd6 7. g4 Nxg4 8. Rg1
Qf6 9. Rxg4 Qxf3 10. Rxg7 Nf6 11. Rg5 Qh1 12. f4 Bd7 13. Bd2 Qxh2 14. O-O-O Rg8
15. Rxg8+ Nxg8 16. f5 Nf6 17. e4 dxe4 18. Nxe4 Nxe4 19. Qxe4 O-O-O 20. fxe6 fxe6
21. c5 Bc7 22. Bc4 Qh3 23. Rh1 Qf5 24. Qxf5 exf5 25. Bg5 Rh8 26. Bf6 Rf8 27. Be7
Rh8 28. Bf6 Rf8 29. Bg7 Re8 30. Rxh7 f4 31. Bf7 Re1+ 32. Kd2 Ba5+ 0-1

[Event "Monaco WGP 2019"]
[Site "Monaco MNC"]
[Date "2019.12.08"]
[Round "6.5"]
[White "Paehtz, Elisabeth"]
[Black "Gunina, Valentina"]
[Result "1-0"]
[WhiteTitle "IM"]
[BlackTitle "GM"]
[WhiteElo "2484"]
[BlackElo "2509"]
[WhiteFideId "4641833"]
[BlackFideId "4167570"]
[EventDate "2019.12.03"]

1. e4 c6 2. Nf3 d5 3. Nc3 Bg4 4. h3 Bxf3 5. Qxf3 Nf6 6. Be2 e6 7. O-O Bc5 8. Rd1
Bd4 9. Qf4 Bxc3 10. bxc3 Nxe4 11. Rb1 Qe7 12. Bf3 Ng5 13. Bh5 O-O 14. d3 f6 15.
Qa4 Qc7 16. Re1 e5 17. c4 Nd7 18. Ba3 Rfd8 19. Be7 Rdc8 20. Bg4 b5 21. Qa3 dxc4
22. Bd6 Qd8 23. dxc4 Nb6 24. cxb5 Nc4 25. Qb3 cxb5 26. Red1 Rc6 27. Qxb5 Qe8 28.
Bc5 Nb6 29. Bd7 Rxc5 30. Qxc5 Qf7 31. Qc6 Rd8 32. Bg4 Rf8 33. Bd7 Qg6 34. h4
Nxd7 35. hxg5 Nb6 36. a4 Qf5 37. gxf6 h5 38. a5 Rxf6 39. Qc5 Na4 40. Qe3 Nc3 41.
Qxc3 Qxf2+ 42. Kh1 Rf4 43. Rd3 Rg4 44. Rg1 e4 45. Rh3 Qf5 46. Qc4+ Kh7 47. Qe2
Kg8 48. a6 Qc5 49. Rb1 Qd5 50. Rb8+ Kf7 51. Rb5 Qd4 52. Rhxh5 e3 53. Qf3+ 1-0

[Event "Monaco WGP 2019"]
[Site "Monaco MNC"]
[Date "2019.12.10"]
[Round "7.1"]
[White "Goryachkina, Aleksandra"]
[Black "Dzagnidze, Nana"]
[Result "1-0"]
[WhiteTitle "GM"]
[BlackTitle "GM"]
[WhiteElo "2575"]
[BlackElo "2502"]
[WhiteFideId "4147103"]
[BlackFideId "13601903"]
[EventDate "2019.12.03"]

1. d4 Nf6 2. c4 e6 3. Nc3 Bb4 4. Qc2 O-O 5. e4 d5 6. e5 Ne4 7. Bd3 c5 8. Nf3
cxd4 9. Nxd4 Nd7 10. Bf4 Ndc5 11. O-O Bxc3 12. bxc3 Bd7 13. Be2 Na4 14. cxd5
exd5 15. f3 Nec5 16. Rfc1 Rc8 17. Qd2 a6 18. c4 dxc4 19. Bxc4 Qe7 20. Qe3 Rfe8
21. Bg3 b5 22. Bb3 b4 23. f4 Nc3 24. f5 a5 25. Rf1 Nxb3 26. axb3 Qc5 27. Kh1 a4
28. f6 axb3 29. Qg5 g6 30. Nxb3 Qf8 31. Ra7 Be6 32. Nd4 h6 33. Qe3 b3 34. Nxe6
Rxe6 35. Rb7 Kh7 36. Rxb3 Nd5 37. Qf3 Qc5 38. h3 Qc6 39. Rd1 Nb6 40. Qxc6 Rcxc6
41. h4 h5 42. Rd8 Rc8 43. Rxc8 Nxc8 44. Rb8 Rc6 45. Bf4 Rc4 46. g3 Kg8 47. Bh6
Kh7 48. e6 Nd6 49. Bf4 Rxf4 50. gxf4 fxe6 51. Kg2 Nf7 52. Kf3 e5 53. Rf8 1-0

[Event "Monaco WGP 2019"]
[Site "Monaco MNC"]
[Date "2019.12.10"]
[Round "7.5"]
[White "Koneru, Humpy"]
[Black "Zhao, Xue"]
[Result "1-0"]
[WhiteTitle "GM"]
[BlackTitle "GM"]
[WhiteElo "2577"]
[BlackElo "2485"]
[WhiteFideId "5008123"]
[BlackFideId "8601283"]
[EventDate "2019.12.03"]

1. Nf3 d5 2. d4 b5 3. e4 dxe4 4. Ng5 Nf6 5. Bxb5+ c6 6. Bc4 e6 7. O-O h6 8. Nh3
Nbd7 9. Re1 Bb7 10. Nc3 Bb4 11. a3 Bxc3 12. bxc3 Qa5 13. Bd2 O-O 14. Bf1 Ba6 15.
c4 Qf5 16. Be2 e5 17. c3 Nb6 18. c5 Bxe2 19. Qxe2 Nbd5 20. dxe5 Qxe5 21. Rac1 h5
22. c4 Ng4 23. g3 Ndf6 24. Ng5 Qf5 25. Bf4 Rfe8 26. Kg2 Qxc5 27. h3 Nh6 28. Qc2
e3 29. Rxe3 Nf5 30. Rxe8+ Rxe8 31. Nf3 g6 32. Rd1 Qxa3 33. Be5 Nh7 34. Bb2 Qb4
35. Ne5 Nf8 36. Nd3 Qb7 37. c5 Ne6 38. Qc3 Kh7 39. Ne5 Rb8 40. Ba1 Qb3 41. Rd7
Qxc3 42. Bxc3 Rb3 43. Ba5 Kg8 44. Rxf7 Nxg3 45. fxg3 Nxc5 46. Rf3 Rb2+ 47. Rf2
Rb3 48. Nxg6 Ne4 49. Ne7+ Kg7 50. Nf5+ Kf6 51. Nd4+ Nxf2 52. Nxb3 Ne4 53. Nd4 c5
54. Nb5 c4 55. Nc3 Nc5 56. Kf3 Ke5 57. Ke3 Kf5 58. Bc7 Ne6 59. Bd6 Ng5 60. h4
Ne6 61. Ne4 a5 62. Bb8 Kg6 63. Nd6 c3 64. Kd3 Nd4 65. Nc4 c2 66. Bf4 Ne6 67. Bd2
a4 68. Ne3 Nc5+ 69. Kxc2 a3 70. Bc3 Ne4 71. Be5 Nc5 72. Kb1 Nd3 73. Bb8 Nc5 74.
Ka2 1-0

[Event "Monaco WGP 2019"]
[Site "Monaco MNC"]
[Date "2019.12.12"]
[Round "9.1"]
[White "Gunina, Valentina"]
[Black "Dzagnidze, Nana"]
[Result "0-1"]
[WhiteTitle "GM"]
[BlackTitle "GM"]
[WhiteElo "2509"]
[BlackElo "2502"]
[WhiteFideId "4167570"]
[BlackFideId "13601903"]
[EventDate "2019.12.03"]

1. e4 c5 2. Nf3 Nc6 3. Bb5 e6 4. Bxc6 bxc6 5. e5 Ne7 6. O-O Ng6 7. c4 Be7 8. Nc3
O-O 9. Ne4 Qc7 10. d4 cxd4 11. Nxd4 c5 12. Nb5 Qc6 13. Re1 Nxe5 14. Bf4 Nxc4 15.
Nc7 Bb7 16. Nxa8 f5 17. Nc7 fxe4 18. Qg4 Bf6 19. Rad1 Be5 20. Nxe6 Qxe6 21.
Qxe6+ dxe6 22. Bxe5 Nxe5 23. Re3 Bd5 24. b3 Nd7 25. Rc3 a5 26. h3 Rb8 27. Rd2
Kf8 28. Rg3 g6 29. h4 Ke7 30. h5 Ne5 31. hxg6 hxg6 32. Rc2 Kd6 33. Rgc3 Nd3 34.
Rd2 Ke5 35. Rcc2 Kd4 36. Re2 a4 37. bxa4 c4 38. a5 c3 39. a3 Rb1+ 40. Kh2 Ne1 0-1

[Event "Monaco WGP 2019"]
[Site "Monaco MNC"]
[Date "2019.12.12"]
[Round "9.2"]
[White "Muzychuk, Mariya"]
[Black "Goryachkina, Aleksandra"]
[Result "1/2-1/2"]
[WhiteTitle "GM"]
[BlackTitle "GM"]
[WhiteElo "2552"]
[BlackElo "2575"]
[WhiteFideId "14114550"]
[BlackFideId "4147103"]
[EventDate "2019.12.03"]

1. e4 e6 2. d4 d5 3. Nc3 Nf6 4. Bg5 dxe4 5. Nxe4 Be7 6. Bxf6 gxf6 7. Qd2 b6 8.
O-O-O Bb7 9. Nc3 c6 10. Kb1 Nd7 11. Be2 Bd6 12. Ne4 Bc7 13. Qc3 a6 14. Bf3 Qe7
15. Nd2 Qd6 16. Nc4 Qe7 17. Ne2 O-O-O 18. g4 Kb8 19. Ng3 Rc8 20. h4 h6 21. Rhe1
Qf8 22. Be4 Ka7 23. Qf3 Bd8 24. Ne3 Rg8 25. c4 f5 26. gxf5 Bxh4 27. Nh5 Nf6 28.
Nxf6 Bxf6 29. Ng4 Qg7 30. Nxf6 Qxf6 31. fxe6 Qxf3 32. Bxf3 fxe6 33. Rxe6 Rgf8
34. Rd3 h5 35. Re7 Kb8 36. Rde3 h4 37. Rh7 Rh8 38. Ree7 Rxh7 39. Rxh7 Rf8 40.
Be4 Rxf2 41. Rxh4 Rd2 42. Bc2 Bc8 43. Rf4 Be6 44. b3 b5 45. Kc1 Re2 46. Kd1 Rh2
47. Rf6 Bd7 48. d5 bxc4 49. bxc4 cxd5 50. cxd5 a5 51. Kc1 Kc7 52. d6+ Kb6 53.
Rf7 Bc6 54. Bf5 Rf2 55. a3 Kc5 56. Be6 Rxf7 1/2-1/2

[Event "Monaco WGP 2019"]
[Site "Monaco MNC"]
[Date "2019.12.12"]
[Round "9.3"]
[White "Muzychuk, Anna"]
[Black "Cramling, Pia"]
[Result "1/2-1/2"]
[WhiteTitle "GM"]
[BlackTitle "GM"]
[WhiteElo "2543"]
[BlackElo "2443"]
[WhiteFideId "14111330"]
[BlackFideId "1700030"]
[EventDate "2019.12.03"]

1. e4 c5 2. Nf3 d6 3. d4 cxd4 4. Nxd4 Nf6 5. Nc3 a6 6. h3 e5 7. Nde2 h5 8. g3
Be6 9. Bg2 Nbd7 10. a4 Be7 11. O-O Qc7 12. Bg5 O-O 13. Qd2 Rfc8 14. b3 Nc5 15.
Rfd1 Ne8 16. Be3 Nf6 17. a5 Qc6 18. Bg5 Rd8 19. Qe3 b5 20. f4 Rab8 21. f5 Bc8
22. Bxf6 Bxf6 23. Nd5 Nd7 24. b4 Bb7 25. Ra3 Qxc2 26. Rc1 Qb2 27. Rb3 Qa2 28.
Ra3 Qb2 29. Rb3 Qa2 30. Rcb1 Bxd5 31. R3b2 1/2-1/2

[Event "Monaco WGP 2019"]
[Site "Monaco MNC"]
[Date "2019.12.12"]
[Round "9.5"]
[White "Lagno, Kateryna"]
[Black "Harika, Dronavalli"]
[Result "1/2-1/2"]
[WhiteTitle "GM"]
[BlackTitle "GM"]
[WhiteElo "2549"]
[BlackElo "2518"]
[WhiteFideId "14109336"]
[BlackFideId "5015197"]
[EventDate "2019.12.03"]

1. e4 c5 2. Nf3 Nc6 3. Bb5 g6 4. Bxc6 bxc6 5. O-O Bg7 6. Re1 Qc7 7. c3 d6 8. d4
cxd4 9. cxd4 Bg4 10. Be3 Qb7 11. b3 c5 12. Nc3 Bxf3 13. gxf3 cxd4 14. Bxd4 Nf6
15. Nd5 e5 16. Nxf6+ Bxf6 17. Be3 Rd8 18. Rc1 O-O 19. Qd5 Qe7 20. Rc6 Bg5 21.
Rd1 Bxe3 22. fxe3 Qg5+ 23. Kf2 Qh4+ 24. Kg2 Qg5+ 25. Kf2 Qh4+ 26. Kg2 Qg5+ 1/2-1/2